000 00686nam a22001937a 4500
005 20170421121237.0
010 _aENG-117905
020 _c1380.00
_a9788184845785
035 _aEN-101437
037 _bDBAD/PUB
245 _aCorruption in modern india :
_cedited by Rahul S. Mhopare [and] Sanjay kumar
_broots, causes and remedies /
260 _aNew Delhi
_bRahul Composers
_c2016
270 _aNew Highway Apartments, Lakshmi Niwas 760,Pocket-D, Lok Nayak Puram,
_bNew Delhi
_e110041
300 _axxvii,315p.:
_c22cm(Hb)
_bill.(map)
500 _aincludes index
700 _a Mhopare,Rahul S.
700 _aSanjay Kumar
942 _2ddc
_cEN
_h364.13230954
_mCOR
999 _c139172
_d139172